000 00495nab a22001457 4500
003 ES-SlBCS
005 20230830204450.0
008 230830s2019 ag ||||| |||| 00| 0 spa d
040 _aES-SlBCS
_bspa
041 _aspa
100 1 _aColapietro, Vincent
_9131997
245 1 4 _aLas diversas raíces del compromiso estético
_b: reflexiones sobre la filosofía del arte de Dewey
_cVincent Colapietro
773 0 _gVol. 75, fasc. 2, 2019, págs. 35-50
_tStromata
_wRev447
_x0049-2353
942 _2lcc
_cAR
999 _c891637
_d891637